| 000 | 01035nam a22002417a 4500 | ||
|---|---|---|---|
| 999 |
_c1558 _d1558 |
||
| 003 | AR-CdUCM | ||
| 008 | 190227b ||||| |||| 00| 0 spa d | ||
| 040 |
_aMUNICIPALIDAD PROVINCIAL DEL CUSCO _cBIBLIOTECA MUNICIPAL DEL CUSCO |
||
| 082 |
_a793.31 / _bC24 |
||
| 100 |
_aCamassi Pizarro, Ernesto W. _95850 |
||
| 245 |
_aHistoria del wayno Huamanguino / _cErnesto W. Camassi Pizarro |
||
| 260 |
_aLima : _bAltazor, _c2007. |
||
| 300 |
_a314 paginas ; _c25 cm. _bIlustraciones, |
||
| 500 | _aCortesía del autor para la biblioteca municipal del Cusco. | ||
| 505 | _aOrigen del wayno Huamanguino --Probables primeros waynos Huamanguinos pentagramados -- El arriero huamanguino y su rol difusor del wayno -- Instrumentos musicales del Perú antiguo -- Instrumentos musicales utilizados por los Huamanguinos ... | ||
| 650 |
_aHuaynos _95851 |
||
| 650 |
_aMúsica folclórica _95852 |
||
| 650 |
_aInstrumentos musicales _95853 |
||
| 650 |
_aMúsicos _95854 |
||
| 650 |
_aAyacucho _93896 |
||
| 942 |
_2ddc _cLIBROS |
||
| 945 |
_aacv _d2019-02-27 |
||